| 000 | 00791cam a2200229 a 4500 | ||
|---|---|---|---|
| 020 | _a0419242600 (hardcover) | ||
| 020 | _a0419242708 | ||
| 082 | 0 | 0 |
_a693.82 _bSTO _cL-40, P-03 |
| 100 | 1 |
_aStollard, P. _945556 |
|
| 245 | 1 | 0 |
_aFire from first principles : _ba design guide to building fire safety / _cPaul Stollard and John Abrahams. |
| 250 | _a3rd ed. | ||
| 260 |
_aLondon : _aNew York : _bE & FN Spon, _c1999. |
||
| 300 |
_avi, 174 p. : _bill. ; _c24 cm. |
||
| 500 | _aIncludes index. | ||
| 526 |
_a0 _b0 _c0 _d693_820000000000000_STO |
||
| 650 | 0 |
_aBuilding, Fireproof. _924937 |
|
| 650 | 0 |
_aMCE _9379 |
|
| 650 | 0 |
_aSafety factor in engineering. _945557 |
|
| 700 | 1 |
_aAbrahams, John. _945558 |
|
| 856 | 4 | 2 | _uhttp://www.loc.gov/catdir/enhancements/fy0651/98037215-d.html |
| 942 |
_2ddc _cBK |
||
| 999 |
_c549043 _d549043 |
||